1290 1826 1840 1254 1402 1463 1436 1354 1520 1116 1916 1160 1118 1802 1884 1436 1000 1912 1814 1095 1467 1784 1883 1015 1578 1512 1165 1421 1313 1604 1329 1370 1303 1170 1448 1334 1825 1819 1254 1108 1967 1327 1293 1415 1972 1804 1059 1630 1456 1480 1065 1820 1931 1596 1472 1018 1325 1570 1093 1226 1003 1366 1203 1426 1797 1564 1720 1752 1020 1837 1053 1930 1199 1999 1484 1358 1253 1550 1721 1116 1883 1379 1062 1254 1480 1575 1945 1913 1004 1437 1134 1976 1520 1845 1502 1757 1641 1988 1267 BCNSPRNW ULIB Ver.6.0+V

เปลี่ยนเป็นภาษาไทย

Change to English
 แสดงรายละเอียดบรรณานุกรม
  กลับหน้าหลัก

Brief Record : Get Marc (ISO 2709) : E-mail record : QR code < ปิดหน้าต่าง
LEADER : 00000nam 2200000uu 4500
001    13399125776
003     ULIB
008    170831s2557||||th 000 0 tha d
020    ^a9786163616838
060    ^aQW545 ส241S
100    ^aสมชาย เอี่ยมอ่อง และยิ่งยศ อวิหิงสานนท์
245    ^aSLE โรคลูปัส Systemic Lupus Erythematosus
250    ^aพิมพ์ครั้งที่ 2
260    ^aกรุงเทพฯ :^bเท็กซ์ แอนด์ เจอร์นัล พับลิเคชั่น,^c2557
300    ^a759 หน้า
650    ^aโรคลูปัส
650    ^aSystemic Lupus Erythematosus
650    ^aSLE
945    ^p0^l0^i003194
999    ^aประนอม เกษจรัล
รายการนี้ยังไม่มีแท็ก
คุณยังไม่ได้ล็อกอิน คุณสามารถมีกิจกรรมร่วมกับเว็บไซต์ได้ แต่ต้องล็อกอินก่อน ::
  ล็อกอิน

รายการสื่อสารสนเทศ

ลำดับที่ ประเภท เลขเรียก/บาร์โค้ด สถานที่ สถานะ
1. วิทยาศาสตร์การแพทย์ และสุขภาพ
วิทยาศาสตร์การแพทย์ และสุขภาพ
สถานะ=หนังสือเก่า
QW545 ส241S ฉ.1 
  Barcode: 003194
ห้องสมุดวิทยาเขตสวรรค์ประชารักษ์
►ส่วนจัดเก็บหนังสือเก่า สปร
บนชั้น
  ขอยืม

รายการใกล้เคียง
    ชื่อเรื่อง [SLE โรคลูปัส Systemic Lupus Erythematosus]

    ผู้แต่ง [สมชาย เอี่ยมอ่อง และยิ่งยศ อวิหิงสานนท์]

    หัวเรื่อง [โรคลูปัส]
    หัวเรื่อง [Systemic Lupus Erythematosus]
    หัวเรื่อง [SLE]

BibComment


ยังไม่เคยถูกคอมเมนท์

คอมเมนท์ทรัพยากรรายการนี้
  คอมเมนท์: SLE โรคลูปัส Sys..


 Copyright 2026. Bcnsprnw @Library